00559nam a22001577a 4500010001500000020003000015035001400045037001300059082001300072100001900085245005400104260004000158270013600198300002800334500003900362 aENG-126169 a978-93-8676-120-0c995.00 aEN-109701 bDBAD/PUB a512.9434 aSingh,Arindama aIntroduction to Matrix Theory/cby Arindama Singh aNew DelhibAne Books Pvt.Ltd.c2018 a4821,Parwana Bhawan,1st Floor24 Ansari Road, Darya GanjbNew Delhie110002k+91(011)23276843l+91(011)23276863mkapoor@anebooks.com avii203p.c24cm(hb)bill ait includes Index and Bibliography